Geography Quiz

Random Geography or World Quiz

Find the 4-Letter Countries Quiz Stats

Quiz Updated Jul 14, 2016

Score 0/10 Timer 04:00
21 Plays Today
% Correct
Peru
75.7%
Cuba
70.1%
Chad
67.1%
Iran
65.8%
Iraq
64.8%
Oman
61.3%
Mali
60.9%
Laos
60.2%
Togo
58.7%
Fiji
49.3%

You're not logged in!

Compare scores with friends on all Sporcle quizzes.
Sign Up with Email
OR
Log In

You Might Also Like...

Show Comments

Extras

Top Quizzes Today


Score Distribution

Your Account Isn't Verified!

In order to create a playlist on Sporcle, you need to verify the email address you used during registration. Go to your Sporcle Settings to finish the process.